| 000 | 00764nam a22001937a 4500 | ||
|---|---|---|---|
| 003 | OSt | ||
| 005 | 20260430043146.0 | ||
| 008 | 260430b |||||||| |||| 00| 0 eng d | ||
| 020 | _a971-550-307-1. | ||
| 040 |
_aOC _cDWC-Main Lib |
||
| 082 | _aFil. 320.959 At22p 1999 | ||
| 245 |
_aPolitics & governance: _btheory & practice in the philippine context |
||
| 260 |
_aManila: _bOffice of Research and Publications, Ateneo de Manila University ; _cc1999. |
||
| 300 |
_av, 343 pages ; _c 23 cm. |
||
| 504 | _aincludes bibliographical and index. | ||
| 650 | _a1. Philippines - Politics & Government. | ||
| 650 | _a2. Political Science - Study & Teaching - Philippines. | ||
| 942 |
_2ddc _cBK - FIL _hFil. 320.959 At22p 1999 _kFil. _n0 |
||
| 999 |
_c10108 _d10108 |
||